| 000 | 00429nam a2200121Ia 4500 | ||
|---|---|---|---|
| 008 | 160712s9999 xx 000 0 und d | ||
| 100 | _aDumdum, Omar O. | ||
| 245 |
_cOmar O. Dumdum, _aCasting Credibility: Patterns of Audience Assessment of TV News Programs |
||
| 260 |
_c2011 _bPlaridel |
||
| 300 | _avol. 8 no. 1 | ||
| 650 | _xMASS COMMUNICATION | ||
| 856 | _uhttp://journals.upd.edu.ph/index.php/plaridel/issue/view/256/showToc | ||
| 999 |
_c297631 _d297631 |
||